000 01145nam a2200229Ia 4500
008 0000002008 sp ad 0000000000spa00
090 _aPSP00 J35m
100 1 _aJiménez, Carlos
245 1 0 _aMareta Espinosa
_b: oculto en pliegues
_c/ textos Carlos Jiménez ; fotos Rafael Roa
300 _a[30] p.
_c/ 21 cm.
500 _aExposición realizada en la Galería Islah Abitada de Cádiz entre el 5 de abril al 3 de mayo de 2008 \ Incluye datos biográficos y cronología artística \ Donación Carlos Jiménez, 2012
501 _aMareta Espinosa o la alegría inmprescindible del color / Carlos Jiménez
505 _aOBRAS: RelaX en tu alma Afilado suave entre mis manos Despiera en el infierno feliz Quiso ser la pasión la fundió Aire de otoño Detiene la mano cordura de un beso 15 dibujos
600 0 0 _a ESPINOSA, MARETA/
_xTRABAJOS PICTORICOS
650 1 4 _a PINTURA ESPAÑOLA
650 1 4 _aARTE CONTEMPORANEO ESPAÑOL
650 1 4 _aARTISTAS PLASTICOS ESPAÑOLES
650 1 4 _xCATALOGOS
650 1 4 _xEXPOSICIONES
650 1 4 _aPINTORES ESPAÑOLES
999 _c13954
_d13954
260 _aCádiz : Galería Islah Abitada
_c2008